九州新幹線が通過する市区町村 - Statistics

General Stats
  • This quiz has been taken 365 times
  • The average score is 19 of 25
Answer Stats
自治体名 % Correct
福岡市 博多 駅所在地
99%
熊本市 熊本 駅所在地
99%
久留米市 久留米 駅所在地
98%
鹿児島市 鹿児島中央 駅所在地
97%
鳥栖市 新鳥栖 駅所在地
96%
大牟田市 新大牟田 駅所在地
96%
八代市 新八代 駅所在地
95%
水俣市 新水俣 駅所在地
95%
薩摩川内市 川内 駅所在地
94%
玉名市 新玉名 駅所在地
92%
出水市 出水 駅所在地
88%
筑後市 筑後船小屋 駅所在地
86%
宇土市
79%
春日市
73%
宇城市
73%
いちき串木野市
73%
那珂川市
61%
阿久根市
61%
みやま市
52%
日置市
52%
津奈木町
46%
南関町
44%
芦北町
43%
玉東町
41%
氷川町
40%
No matching quizzes found
Score Distribution
Percent of People with Each Score
Percentile by Number Answered
Your Score History
You have not taken this quiz